000 01015nam a22002657a 4500
005 20240307153416.0
008 230824b ||||| |||| 00| 0 eng d
020 _a 5551234120660
040 _cAL
041 _aeng
082 _223
_a005.133
_bBHAR
100 _aSushil Bhardwaj
_9153505
245 _aRead two success Python Programming
260 _aLudhiana
_bKalyani Publishers
_c2023
300 _aviii,258p.
_bPB
_c24x18cm.
365 _2Computer Application and Animation
_a4032
_b200.00
_c
_d250.00
_e20%
_f23-08-2023
520 _a1. Introduction to Python 2. Python Syntax 3. Control Structures 4. Python Loops 5. Lists, Tuples and Dictionaries 6. Functions 7. String 8. File Handling 9. Python Objects and Their Use 10. Data Visualization
650 _aPython Syntax
_9130918
650 _aFile Handling
_9130919
650 _aData Visualization
_9130920
650 _a3rd Sem
_9130923
650 _aBCA III Sem NEP
_9130924
700 _aBHARDWAJ (Sushil)
_9130921
942 _2ddc
_cBK
999 _c228494
_d228494